000 00772nam a2200241 i 4500
001 40557
003 ES-MaACL
005 20250817062548.0
007 t|
008 030306s1980 sp ||||1| spa d
020 _a84-7075-160-3
080 _a331-055.2(460)"1900/31"
100 1 _aCapel Martínez, Rosa María.
_934814
245 1 3 _aLa mujer española en el mundo del trabajo :
_b1900-1930 /
_cRosa María Capel Martínez.
260 _aMadrid :
_bFundación Juan March,
_c[1980]
300 _a59 p. ;
_c21 cm.
490 1 _aSerie universitaria ;
_v118
650 4 _aMujeres-
_xTrabajo-
_zEspaña-
_yS.XX.
_915321
710 2 _aFundación Juan March
_94346
830 1 _aSerie universitaria ;
_v118
_9180747
852 4 _aES-MaACL
_jE-6579
999 _c40557
_d40557